[Event "HCL-B175"]
[Site "www.playchess.de"]
[Date "2001.04.04"]
[Round "7"]
[White "Binder"]
[Black "Dereck"]
[WhiteElo "1386"]
[BlackElo "1200"]
[PlyCount "46"]
[Result "0-1"]

1.e4 e5 {hello!}  2.Nf3 Nf6 3.Bc4 Nxe4 4.Nc3 Nxc3 
5.bxc3 e4 6.Qe2 d5 7.Bb5+ c6 8.Ba4 Be7 9.Ne5 Bf6 
10.Ng4 Bxg4 11.Qxg4 b5 12.Bb3 c5 13.a3 c4 14.Ba2 
Nd7 15.Bb2 O-O 16.Rb1 Re8 17.O-O a5 18.Rfe1 b4 
19.cxb4 axb4 20.Bxf6 Nxf6 21.Qg3 Rxa3 22.c3 Rxa2 
23.cxb4 Rxd2 0-1

[Event "HCL-C183"]
[Site "www.playchess.de"]
[Date "2001.04.04"]
[Round "3"]
[White "chipc"]
[Black "kooldown"]
[WhiteElo "605"]
[BlackElo "1301"]
[PlyCount "51"]
[Result "1-0"]

1.e4 {Hello from Harrisburg, Pennsylvania in the 
USA!}  e5 {Hi from Niederkassel next to Cologne in 
Germanym !}  2.Nf3 {Good luck!}  f5 3.d3 Nf6 
4.Nxe5 d6 5.Nf3 fxe4 6.dxe4 Nxe4 7.Be2 Bf5 8.h3 
Nc6 9.Bg5 Nxg5 10.g4 Be4 11.Nc3 Bxf3 12.Bxf3 Nxf3+ 
13.Qxf3 g6 14.Nd5 Bg7 15.c3 Qg5 16.Nxc7+ Ke7 
17.Nxa8 Rxa8 18.O-O Rf8 19.Rfe1+ Kd8 20.Qd3 Qf4 
21.Qe3 Be5 22.Rad1 Qh2+ 23.Kf1 Bg3 24.Rd2 Qxh3+ 
25.Ke2 Bxf2 26.Qxh3 1-0

[Event "HCL-A079"]
[Site "www.playchess.de"]
[Date "2001.04.04"]
[Round "11"]
[White "THE-WARRIOR"]
[Black "stud"]
[WhiteElo "1700"]
[BlackElo "1180"]
[PlyCount "29"]
[Result "1-0"]

1.d4 e6 2.e4 c5 3.d5 d6 4.Nf3 Nf6 5.Nc3 a6 6.Bd3 
b5 7.O-O Be7 8.dxe6 Bxe6 9.Re1 c4 10.Bf1 Nc6 
11.Bg5 O-O 12.Nd4 Ne5 13.Nf5 Bxf5 14.exf5 h6 
15.Bf4 1-0

[Event "HCL-C185"]
[Site "www.playchess.de"]
[Date "2001.04.04"]
[Round "7"]
[White "Jernau"]
[Black "Paulus"]
[WhiteElo "1672"]
[BlackElo "1000"]
[PlyCount "30"]
[Result "0-1"]

1.e4 c6 2.Nc3 d5 3.d3 dxe4 4.Nxe4 Bf5 5.Nc5 Qa5+ 
6.c3 Qxc5 7.d4 Qd6 8.Bg5 Nd7 9.Qf3 e6 10.g4 Bg6 
11.Nh3 Ngf6 12.Rd1 Be4 13.Qg3 Qxg3 14.hxg3 Bxh1 
15.c4 Bb4+ 0-1

[Event "HCL-C185"]
[Site "www.playchess.de"]
[Date "2001.04.04"]
[Round "15"]
[White "Jernau"]
[Black "kldr"]
[WhiteElo "1672"]
[BlackElo "1646"]
[PlyCount "28"]
[Result "0-1"]

1.e4 e5 {Hello Terry, an interesting game and good 
luck. Klaus}  2.Nc3 {Hi Klaus, you'll have to go 
easy on me - I'm still a novice!!}  Nf6 {I see 
that from your rating.  :-)}  3.Bc4 {Ratings can 
be deceptive!}  Bb4 {...and from your moves.By the 
way, where in the UK do you live?}  4.Nd5 {In 
Exeter, in the South West.  Und wo in Deutschland 
wohnen sie?}  Nxd5 {In Essen, Western part of G. 
Du sprichst deutsch? Wo hast Du es gelernt?}  
5.exd5 {Ich habe Deutsch in der Schule gelernt 
aber jetzt habe ich alles vergessen!!}  c6 {Dein 
Deutsch ist perfekt! Not to compare with my 
English.}  6.c3 {Danke, aber mein Schach ist nicht 
so perfekt!}  Bc5 {Mein Schach ebenfalls nicht.}  
7.d3 {Wir werden sehen!}  O-O {Noch ist alles 
offen. Have a nice weekend. Klaus}  8.b4 {You 
too.}  Be7 9.Nf3 Qc7 {What about carnival in 
Britain?}  10.Bg5 {Carnival? How do you mean?}  
Bxg5 {So there is no carnival.}  11.Nxg5 {We have 
the Notting Hill Carnival in London every 
summer...it's pretty good fun.}  cxd5 {I´ve heard 
of that. Einen schönen Tag. Klaus}  12.Bxd5 {Ich 
habe sein 'Carnival' nicht verstehen! Haben sie 
die Faschung glauben?}  Qxc3+ {Im Deutschen sagen 
wir 'Karneval' oder 'Fasching'. It´s carnival in 
English,isn´t it?}  13.Kf1 {Yes, it is Carnival, 
but we only really have them in the summer.}  Nc6 
{I see. Very happy that the site works again.}  
14.Rc1 {Sorry  I haven't played in a while, but I 
have been very busy.}  Qa3 {No problem. I have a 
lot of work at the moment, too.} 
 0-1

[Event "HCL-A081"]
[Site "www.playchess.de"]
[Date "2001.04.04"]
[Round "29"]
[White "entefada"]
[Black "peze"]
[WhiteElo "1700"]
[BlackElo "1970"]
[PlyCount "28"]
[Result "0-1"]

1.e4 e5 2.Nf3 Nf6 3.Nxe5 d6 4.Nxf7 Kxf7 5.d4 c5 
6.dxc5 d5 7.Be2 Nxe4 8.O-O Bxc5 9.c4 Be6 10.b4 
Bxb4 11.Qb3 Nc6 12.a3 Be7 13.Nd2 Nd4 14.Qd3 
Nxd2 0-1

[Event "HCL-A081"]
[Site "www.playchess.de"]
[Date "2001.04.04"]
[Round "32"]
[White "Belka"]
[Black "entefada"]
[WhiteElo "1720"]
[BlackElo "1700"]
[PlyCount "25"]
[Result "1-0"]

1.e4 c5 2.Nf3 d6 3.Bb5+ Bd7 4.Bxd7+ Qxd7 5.O-O Nc6 
6.c3 d5 7.exd5 Qxd5 8.d4 e6 9.Be3 Rd8 10.Qa4 Nf6 
11.Na3 cxd4 12.Bxd4 Be7 13.Rfd1 1-0

[Event "HCL-E029"]
[Site "www.playchess.de"]
[Date "2001.04.04"]
[Round "19"]
[White "Ivanchico"]
[Black "mariuszk"]
[WhiteElo "2000"]
[BlackElo "2012"]
[PlyCount "61"]
[Result "1-0"]

1.d4 {Have a good game!}  f5 2.g3 Nf6 3.Bg2 g6 
4.c4 Bg7 5.Nc3 O-O 6.Nh3 d6 7.d5 Nbd7 8.O-O Nc5 
9.Be3 e5 10.dxe6 Nxe6 11.Nf4 c6 12.h3 Nxf4 13.Bxf4 
Ne4 14.Nxe4 fxe4 15.Bxd6 Re8 16.c5 Bxb2 17.Qb3+ 
Kg7 18.Qxb2+ Qf6 19.Qxf6+ Kxf6 20.Rab1 a5 21.Rfd1 
e3 22.f4 Ra7 23.Bb8 Ra8 24.Be5+ Kf7 25.Rb3 Be6 
26.Rxb7+ Kf8 27.Bxc6 Red8 28.Rxd8+ Rxd8 29.Bd6+ 
Kg8 30.a3 Bxh3 31.Bd5+ 1-0

[Event "HCL-A088"]
[Site "www.playchess.de"]
[Date "2001.04.04"]
[Round "16"]
[White "markjburden"]
[Black "Rparkes"]
[WhiteElo "1359"]
[BlackElo "1700"]
[PlyCount "112"]
[Result "0-1"]

1.e4 e6 {Hola}  2.Nf3 {hi good luck}  d5 {Mucho 
Gusto}  3.e5 c5 4.d4 Nc6 5.Bb5 Bd7 6.Bxc6 bxc6 
7.c3 cxd4 8.Nxd4 c5 9.Nf3 Ne7 10.Be3 Nc6 11.O-O 
Be7 12.Re1 O-O 13.Bf4 Rb8 14.b3 Qa5 15.Qc2 Rbc8 
16.Nbd2 Rfd8 17.Bg5 h6 18.Bxe7 Nxe7 19.h3 d4 20.c4 
Bc6 21.Qd3 Ng6 22.Ne4 Qc7 23.Nd6 Nxe5 24.Nxe5 Qxd6 
25.f4 Qe7 26.Qg3 Qf6 27.Rad1 a6 28.Rd2 Qf5 29.Nxc6 
Rxc6 30.Re5 Qg6 31.Qxg6 fxg6 32.Rd3 a5 33.a4 Rf8 
34.g3 Rf5 35.Re1 g5 36.fxg5 Rxg5 37.Re4 Rf5 38.Kg2 
Kf7 39.g4 Rf6 40.Kg3 Ke7 41.Re5 Kd6 42.Re4 Rc8 
43.h4 e5 44.g5 Rf5 45.Rf3 Rcf8 46.Rxf5 Rxf5 
47.gxh6 gxh6 48.Kg4 Ke6 49.Re2 h5+ 50.Kg3 Rf1 
51.Rb2 e4 52.Kg2 Rf4 53.Kg3 Ke5 54.Rd2 Rf3+ 55.Kg2 
Rxb3 56.Rf2 Rb4 {Por favor abandona. Estas súper 
perdido}  0-1

[Event "HCL-B197"]
[Site "www.playchess.de"]
[Date "2001.04.04"]
[Round "5"]
[White "Capablancanot"]
[Black "lennin"]
[WhiteElo "1712"]
[BlackElo "1530"]
[PlyCount "68"]
[Result "0-1"]

1.d4 {Have fun, and thanks for joining the game.}  
Nf6 2.c4 c5 3.d5 e6 4.Nc3 exd5 5.cxd5 d6 6.Nf3 g6 
7.g3 a6 8.Bg2 b5 9.O-O Bg7 10.Bf4 O-O 11.a3 Nh5 
12.Bg5 Qb6 13.Qd2 Re8 14.Bh6 Bh8 15.Rac1 Nd7 
16.Rfe1 a5 17.e4 {Sorry...Couldn't move...couldn't 
get into our game...Server errors.}  b4 18.Na4 Qb5 
19.Qc2 Ba6 20.Bf1 Qb7 21.Bxa6 Qxa6 22.h3 Rac8 
23.g4 Nhf6 24.Bf4 h5 25.g5 Nh7 26.h4 c4 27.axb4 
axb4 28.Rca1 Nb6 29.Nxb6 Qxb6 30.e5 Nf8 31.exd6 
Qc5 32.Kg2 Rxe1 33.Rxe1 Qxd5 34.Rd1 
Qe6 0-1

[Event "ACL-A107"]
[Site "www.playchess.de"]
[Date "2001.04.04"]
[Round "4"]
[White "wernerGHF"]
[Black "BELAJ_BOY"]
[WhiteElo "1500"]
[BlackElo "1500"]
[PlyCount "57"]
[Result "1-0"]

1.Nf3 {hallo}  Nf6 {hi...good luck!}  2.c4 e6 
3.Nc3 Bb4 4.Qc2 O-O 5.a3 Bxc3 6.Qxc3 Nc6 7.b4 d5 
8.Bb2 Re8 9.b5 Ne7 10.e3 Nf5 11.g4 Nd6 12.d3 dxc4 
13.dxc4 Nde4 14.Qc2 Nc5 15.Ne5 Rb8 16.Bg2 Qe7 
17.O-O Ncd7 18.h3 Nxe5 19.Bxe5 h6 20.Rfd1 Nh7 
21.Qa4 Ra8 22.Qa5 Qc5 23.Qxc7 Qxc7 24.Bxc7 Nf6 
25.Ra2 Kh7 26.Rad2 Nd7 27.R2xd7 Bxd7 28.Rxd7 a6 
29.b6 1-0

[Event "HCL-A092"]
[Site "www.playchess.de"]
[Date "2001.04.04"]
[Round "5"]
[White "LarryM1633"]
[Black "kiki"]
[WhiteElo "1813"]
[BlackElo "1700"]
[PlyCount "37"]
[Result "1-0"]

1.e4 {good luck!, Nice to meet you}  e6 2.d4 d5 
3.e5 c5 4.c3 Nc6 5.Nf3 Qb6 6.Bd3 cxd4 7.cxd4 Bd7 
8.Bc2 Bb4+ 9.Nc3 Nge7 10.O-O h6 11.a3 Bxc3 12.bxc3 
O-O 13.Be3 f6 14.exf6 Rxf6 15.Ne5 Qc7 16.f4 Raf8 
17.Qd3 Nf5 18.Kh1 Nxe5 19.fxe5 1-0

[Event "HCL-C206"]
[Site "www.playchess.de"]
[Date "2001.04.04"]
[Round "7"]
[White "kldr"]
[Black "arsenic"]
[WhiteElo "1665"]
[BlackElo "1219"]
[PlyCount "51"]
[Result "1-0"]

1.d4 {Hi, arsenic.Hope for a good game and much 
fun. Klaus}  e6 {same here...}  2.c4 {What is your 
first name and where do you live on the 
Philippines?}  b6 {I am sonny from manila.}  3.Nf3 
{Hi, Sonny, my name is Klaus.}  Bb4+ 4.Bd2 Bxd2+ 
5.Nbxd2 Bb7 6.e3 c5 7.Bd3 cxd4 8.exd4 f5 9.O-O Nf6 
10.Re1 O-O 11.Rc1 Nc6 12.a3 {Back at last! Hi, 
Sonny.}  Ne7 13.Ne5 d5 14.c5 bxc5 15.dxc5 Nc6 
16.Nxc6 Bxc6 17.Rxe6 Bd7 18.Rd6 Qc7 19.Nf3 Bc6 
20.Bxf5 g6 21.Be6+ Kg7 22.Ne5 Bb7 23.Qd4 Rae8 
24.Ng4 Bc6 25.Nxf6 Rxf6 26.Bxd5 {How is life in 
Manila, Sonny?}  1-0

[Event "HCL-B201"]
[Site "www.playchess.de"]
[Date "2001.04.04"]
[Round "6"]
[White "real1"]
[Black "didiet68"]
[WhiteElo "1369"]
[BlackElo "1200"]
[PlyCount "90"]
[Result "0-1"]

1.c4 {hello and good luck}  c5 {hello.you too}  
2.Nf3 Nf6 3.Nc3 e6 4.d4 cxd4 5.Nxd4 Bb4 6.Bg5 
Bxc3+ 7.bxc3 O-O 8.e3 h6 9.Bxf6 Qxf6 10.Bd3 Nc6 
11.Qc2 e5 12.Nf3 b6 13.O-O Bb7 14.Rfd1 d6 15.Be4 
Na5 16.h3 Bxe4 17.Qxe4 Rac8 18.Nd2 Qe6 19.Rac1 
Nxc4 20.Nxc4 Rxc4 21.Qd5 Rd8 22.Qxe6 fxe6 23.f3 d5 
24.e4 Kf7 25.Kf2 Ke7 26.Ke3 b5 27.a3 a5 28.exd5 
exd5 29.g3 Ke6 30.f4 Rdc8 31.Rd3 e4 32.Rd4 R4xc3+ 
33.Rxc3 Rxc3+ 34.Kd2 Rxa3 35.Kc2 Rxg3 36.Rd1 b4 
37.Ra1 Rc3+ 38.Kd2 Ra3 39.Rc1 Rxh3 40.Rc6+ Kf5 
41.Rd6 Kxf4 42.Rxd5 Rd3+ 43.Rxd3 exd3 44.Kxd3 a4 
45.Kc2 Ke3 0-1

[Event "HCL-A092"]
[Site "www.playchess.de"]
[Date "2001.04.04"]
[Round "16"]
[White "sage"]
[Black "One_i"]
[WhiteElo "1600"]
[BlackElo "1484"]
[PlyCount "101"]
[Result "1-0"]

1.e4 {good luck}  d5 {good luck to you from 
Canada}  2.c3 {nice  counter}  dxe4 3.Qa4+ Nc6 
4.Qxe4 Nf6 5.Qa4 Bd7 6.Nf3 e6 7.Be2 Bd6 8.d3 Ne5 
9.Qd1 Bc6 10.Bg5 Rb8 11.d4 Nxf3+ 12.gxf3 Qd7 
13.Nd2 b5 14.h3 O-O 15.Bxf6 gxf6 16.Ne4 Bxe4 
17.fxe4 Qe7 18.Bd3 e5 19.Qh5 Kh8 20.Rg1 a6 21.Rg4 
Rfg8 22.Rh4 Rg7 23.Ke2 Qf8 24.Rg1 Qg8 25.Rhg4 Rxg4 
26.Rxg4 Qf8 27.Rh4 Qg7 28.Rg4 Qf8 29.f4 Re8 30.Kf3 
Re6 31.f5 Re8 32.Qh4 Be7 33.dxe5 fxe5 34.f6 Bd8 
35.Rg7 Qxg7 36.fxg7+ Kxg7 37.Qg4+ Kh8 {well, it's 
obvious i'm going to win but i'll be a nice guy 
and offer you a draw!}  38.Qd7 Rf8 39.Qc6 Rg8 
40.Bf1 Rg6 41.Qe8+ Rg8 42.Qxf7 Rg7 43.Qe8+ Rg8 
44.Qxe5+ Rg7 45.a4 bxa4 46.Bc4 h6 47.Qe8+ Kh7 
48.Qxd8 c5 49.Qe8 a3 50.e5 h5 51.Qxh5+ 1-0

[Event "HCL-E035"]
[Site "www.playchess.de"]
[Date "2001.04.04"]
[Round "3"]
[White "paule"]
[Black "Merscheid"]
[WhiteElo "1994"]
[BlackElo "2144"]
[PlyCount "78"]
[Result "0-1"]

1.e4 e5 2.Nf3 {Hi! Good luck!}  Nc6 3.Bb5 a6 4.Ba4 
Nf6 5.O-O Be7 6.Re1 b5 7.Bb3 d6 8.c3 O-O 9.h3 Bb7 
10.d4 Re8 11.Nbd2 exd4 12.cxd4 Nd7 13.Nf1 Na5 
14.Bc2 c5 15.Ng3 g6 16.Bf4 Bf6 17.a4 Nc6 18.dxc5 
dxc5 19.axb5 axb5 20.Rxa8 Bxa8 21.Qe2 Nb4 22.Bb1 
Bc6 23.Rd1 Qa5 24.Bh6 Qa4 25.Bg5 Bg7 26.Be3 Qb3 
27.Rd2 Ra8 28.Kh2 Ra1 29.Bc2 Qxb2 30.Ba4 Qb1 
31.Rd1 Qa2 32.Bxb5 Rxd1 33.Qxa2 Nxa2 34.Bxc6 Ne5 
35.Ba4 Nxf3+ 36.gxf3 Rd3 37.Bxc5 Rxf3 38.Be3 Nc3 
39.Bb3 h5 0-1

[Event "HCL-C201"]
[Site "www.playchess.de"]
[Date "2001.04.04"]
[Round "15"]
[White "TuffGong"]
[Black "Smutje"]
[WhiteElo "1410"]
[BlackElo "931"]
[PlyCount "47"]
[Result "1-0"]

1.e4 e6 2.g3 Bc5 3.c3 Qf6 4.d4 Bb6 5.h4 e5 6.Bg5 
Qe6 7.Bh3 Qc4 8.Nd2 Qe6 9.Bxe6 dxe6 10.Ngf3 f6 
11.Be3 Nc6 12.Nc4 f5 13.exf5 Nf6 14.dxe5 Ne4 15.f6 
O-O 16.fxg7 Rd8 17.Qc2 Nc5 18.Ng5 Kxg7 19.Qxh7+ 
Kf8 20.Nf7 Rd7 21.Bh6+ Ke8 22.Qg8+ Ke7 23.Bf8+ Ke8 
24.Bxc5+ 1-0

[Event "HCL-C201"]
[Site "www.playchess.de"]
[Date "2001.04.04"]
[Round "35"]
[White "fartman"]
[Black "McLeod"]
[WhiteElo "1000"]
[BlackElo "1000"]
[PlyCount "30"]
[Result "1/2-1/2"]

1.d4 Nf6 2.c4 c5 3.e3 g6 4.Nc3 Bg7 5.Nf3 O-O 6.Be2 
cxd4 7.exd4 b6 8.O-O Bb7 9.Qc2 Nc6 10.a3 Rc8 11.b4 
a6 12.Bb2 Qc7 13.Rfd1 {You are an excellent 
chessplayer}  d6 {I don't think so, but thanks 
anyway :)}  14.Rac1 Rfd8 15.Ba1 
Bh6 1/2-1/2

[Event "HCL-B210"]
[Site "www.playchess.de"]
[Date "2001.04.04"]
[Round "1"]
[White "patzer"]
[Black "shepherd"]
[WhiteElo "1250"]
[BlackElo "1392"]
[PlyCount "66"]
[Result "0-1"]

1.e4 c5 2.Nf3 Nc6 3.Bb5 g6 4.O-O Bg7 5.Re1 Nf6 
6.c3 O-O 7.d4 d5 8.exd5 Qxd5 9.Bxc6 Qxc6 10.Bg5 
Be6 11.Qd3 Bf5 12.Qc4 Qd5 13.Qxd5 Nxd5 14.Bxe7 
Rfe8 15.Bxc5 b6 16.Rxe8+ Rxe8 17.Ba3 g5 18.Nbd2 
Nf4 19.Re1 Ne2+ 20.Kf1 Bd3 21.g4 h5 22.h3 f5 
23.Bd6 Nf4+ 24.Kg1 Nxh3+ 25.Kg2 Be4 26.Kxh3 hxg4+ 
27.Kg3 gxf3 28.Nxe4 Rxe4 29.Rxe4 fxe4 30.Kg4 Kf7 
31.Bg3 Kf6 32.d5 Bf8 33.d6 Ke6 0-1

[Event "HCL-C212"]
[Site "www.playchess.de"]
[Date "2001.04.04"]
[Round "9"]
[White "foxzy"]
[Black "Jasper_Hattink"]
[WhiteElo "767"]
[BlackElo "857"]
[PlyCount "71"]
[Result "1-0"]

1.e4 e5 2.Nf3 Nc6 3.Bc4 Nf6 4.d3 Bc5 5.O-O h6 
6.Nc3 d6 7.Bb5 Bd7 8.Qe2 Nd4 9.Bxd7+ Qxd7 10.Nxd4 
Bxd4 11.Nd1 O-O-O 12.c3 Bb6 13.b4 d5 14.exd5 Qxd5 
15.Nb2 e4 16.dxe4 Qxe4 17.Be3 Rd5 18.Nc4 Rhd8 
19.Nxb6+ cxb6 20.f3 Qd3 21.Qe1 Kc7 22.Bd4 a5 23.a3 
Ra8 24.Rd1 Qc2 25.Qe7+ Rd7 26.Be5+ Kc6 27.Rxd7 
Nxd7 28.Qd6+ Kb5 29.Qxd7+ Ka6 30.Qxf7 axb4 31.axb4 
Qb2 32.Qc4+ b5 33.Qe6+ b6 34.c4 Qb3 35.Ra1+ Kb7 
36.Qd7+ 1-0

[Event "HCL-B214"]
[Site "www.playchess.de"]
[Date "2001.04.04"]
[Round "8"]
[White "Think"]
[Black "plobi"]
[WhiteElo "1200"]
[BlackElo "1289"]
[PlyCount "73"]
[Result "1-0"]

1.e4 Nf6 2.e5 {Hi Plobi, spielst du in einem 
Verein?}  Nd5 {ne, hab ich mal! jetzt spiel ich 
nur mehr zum spaß ...}  3.d4 d6 4.f4 {Hast du ne 
Ahnung was mit Orange ist? Der zieht ewig nicht!}  
e6 {keine ahnung! warscheinlich wegen der 
zeitverschiebung ...}  5.Nf3 {hm hast recht!}  
dxe5 6.fxe5 c5 7.c3 cxd4 8.cxd4 Qa5+ 9.Bd2 Qb6 
10.Nc3 {Was hast du denn gegen Erik gemach!?}  
Qxb2 {das kommt davon, wenn man vorlauter vielen 
spielen die übersicht verliert ...}  11.Rb1 {Naja 
das schaffst du noch!!}  Nxc3 {dazu muß ich aber 
ziemlich stark spielen und auch dann wirds noch 
schwer ...}  12.Rxb2 Nxd1 13.Kxd1 {dafür stehst du 
gegen mich ja besser!}  Nc6 14.Bc4 Be7 {das ist 
alles relativ ...}  15.d5 exd5 16.Bxd5 O-O 17.Re1 
Bg4 18.Rxb7 {Woher aus Österreich kommst du 
eigentlich?}  Bxf3+ {aus innsbruck!! kennst du das 
???}  19.gxf3 {Na klar! War ich mal in der Nähe.}  
Bh4 {warum bist du denn so nervös ... *g*}  
20.Bxc6 {ich will halt schnell gewinnen!;-)}  Bxe1 
{*g*}  21.Kxe1 Rfb8 22.Rd7 Rbd8 23.Re7 Rab8 24.e6 
fxe6 25.Rxa7 Rb1+ 26.Ke2 {Der war nicht der 
beste!}  Rh1 {ist ja egal, dieses turnier ist mir 
sowieso egal ...}  27.Bf4 Rhd1 28.Bg5 {Tut mir 
leid, das die spannende Partie jetzt ein schnelles 
Ende findet!!}  Rb1 29.Bxd8 {Willst du nicht 
aufgeben?;-)}  Rb2+ 30.Ke3 Rc2 31.Bd7 Rc3+ 32.Kf4 
Rc4+ 33.Kg3 {jetzt hast du erstmal kein Schach 
mehr!}  e5 34.Be6+ {Hoffst du auf patt?}  Kh8 
35.Bxc4 h6 36.Bd3 {Ich mach jetzt für 14 Tage 
Ferien!}  Kg8 {komm, mach halt fertig!! hast 
schon}  37.Bg6 {Was hab ich schon?} 
 1-0

[Event "HCL-B213"]
[Site "www.playchess.de"]
[Date "2001.04.04"]
[Round "5"]
[White "sboehnisch"]
[Black "plobi"]
[WhiteElo "1200"]
[BlackElo "1289"]
[PlyCount "53"]
[Result "1-0"]

1.d4 d5 2.Nf3 c5 3.Bf4 Bg4 4.dxc5 Bxf3 5.gxf3 Qa5+ 
6.Nc3 Nc6 7.Qxd5 Nf6 8.Qb3 Nb4 9.O-O-O e6 10.Bd6 
Rd8 11.e4 Bxd6 12.cxd6 O-O 13.Nb5 Nxa2+ 14.Kb1 Nb4 
15.e5 Nfd5 16.c4 Nf4 17.Rg1 a6 18.Rd4 Ng6 19.c5 
Nc6 20.Re4 Nf4 21.Rxf4 Qe1+ 22.Ka2 Qxf2 23.Rfg4 g6 
24.Nc7 Qxc5 25.Nxe6 fxe6 26.Qxe6+ Rf7 
27.R4xg6+ 1-0

[Event "HCL-B213"]
[Site "www.playchess.de"]
[Date "2001.04.04"]
[Round "10"]
[White "sboehnisch"]
[Black "King_Safety"]
[WhiteElo "1200"]
[BlackElo "1244"]
[PlyCount "47"]
[Result "1-0"]

1.f4 d5 {Greetings from Canada! Good luck with 
your games.}  2.Nf3 {Greetings and best wishes 
from Germany too.}  Nf6 3.d3 Bf5 4.Be3 h6 5.g3 e6 
6.Bg2 Bd6 7.O-O O-O 8.Nc3 Nbd7 9.Qd2 c5 10.Nb5 Qb6 
11.c4 dxc4 12.dxc4 a6 13.Nxd6 Ng4 14.Nxf5 exf5 
15.Bh3 Nxe3 16.Qxe3 Qxb2 17.Bxf5 Nb6 18.Rab1 Qd4 
19.Nxd4 Nxc4 20.Qc3 Nd6 21.Qxc5 Nxf5 22.Nxf5 Rac8 
23.Ne7+ Kh8 24.Nxc8 1-0

[Event "ACL-E003"]
[Site "www.playchess.de"]
[Date "2001.04.04"]
[Round "30"]
[White "peze"]
[Black "deepcover"]
[WhiteElo "1869"]
[BlackElo "1710"]
[PlyCount "85"]
[Result "1-0"]

1.e4 {Hello again! Good luck!}  e5 {Have a good 
game!}  2.Nf3 Nf6 3.Nxe5 d6 4.Nf3 Nxe4 5.d4 d5 
6.Bd3 Nc6 7.O-O Be7 8.Re1 Bg4 9.c3 f5 10.Qb3 Rb8 
11.Nfd2 O-O 12.Nxe4 Na5 13.Nf6+ Bxf6 14.Qc2 g6 
15.Bf4 Bg5 16.Qd2 Bxf4 17.Qxf4 b5 18.b4 Nc4 19.a4 
a6 20.axb5 axb5 21.Bxc4 bxc4 22.Nd2 g5 23.Qg3 Bh5 
24.Ra7 f4 25.Qh3 Re8 26.Rxe8+ Bxe8 27.Qf5 Rb6 
28.h4 gxh4 29.Qxf4 Rd6 30.Nf3 h3 31.Qg3+ Bg6 
32.Qxh3 Be4 33.Ne5 Qb8 34.Ra1 Qd8 35.Qg4+ Bg6 
36.b5 Kg7 37.Ra6 Kg8 38.Qg3 Qe8 39.Rxd6 cxd6 
40.Nxg6 hxg6 41.b6 Qe6 42.Qg5 Kg7 
43.b7 1-0

[Event "HCL-B218"]
[Site "www.playchess.de"]
[Date "2001.04.04"]
[Round "1"]
[White "Translightor"]
[Black "Guigs"]
[WhiteElo "1469"]
[BlackElo "1500"]
[PlyCount "60"]
[Result "0-1"]

1.e4 {Welcome & Good Luck!}  c6 2.d4 d5 3.Nc3 dxe4 
{Good luck to you too !}  4.Nxe4 Bf5 5.Ng3 Bg6 
6.h4 h6 7.Nf3 Nd7 8.h5 Bh7 9.Bd3 Bxd3 10.Qxd3 Qc7 
11.Bd2 e6 12.O-O-O Ngf6 13.Kb1 O-O-O 14.Qe2 Qb6 
15.b3 Ba3 16.Bc1 Nd5 17.Qc4 Bb4 18.Bb2 Qa5 19.Ne2 
N7b6 20.Qd3 Ba3 21.Qd2 Bb4 22.Qc1 Nd7 23.c4 N5f6 
24.Ng3 Rhg8 25.Qf4 Qc7 26.Qxc7+ Kxc7 27.Rh4 Be7 
28.Ne5 Nxe5 29.dxe5 Rxd1+ 30.Kc2 
Rgd8 0-1

[Event "HCL-B218"]
[Site "www.playchess.de"]
[Date "2001.04.04"]
[Round "4"]
[White "Translightor"]
[Black "CHARON"]
[WhiteElo "1469"]
[BlackElo "1527"]
[PlyCount "67"]
[Result "1/2-1/2"]

1.e4 {Good Luck!}  e5 2.Nf3 Nc6 3.Bb5 a6 4.Ba4 Nf6 
5.d4 exd4 6.e5 Ne4 7.O-O Nc5 8.Bxc6 dxc6 9.Nxd4 
Be7 10.Be3 Ne6 11.Nc3 O-O 12.Nf5 Bg5 13.Qf3 Bxe3 
14.Qxe3 Qg5 15.Qxg5 Nxg5 16.Ne7+ Kh8 17.Nxc8 Raxc8 
18.f4 Ne6 19.Ne2 f5 20.c3 c5 21.Rad1 Rcd8 22.g3 b5 
23.a3 a5 24.Kf2 Kg8 25.Ke3 Kf7 26.Nc1 a4 27.Nd3 
Rd5 28.Rd2 Rfd8 29.Rfd1 c6 30.Nf2 g5 31.Nh3 h6 
32.R2d3 Kg6 33.Nf2 Kf7 34.R1d2 1/2-1/2

[Event "HCL-B218"]
[Site "www.playchess.de"]
[Date "2001.04.04"]
[Round "8"]
[White "Guigs"]
[Black "gandalf"]
[WhiteElo "1500"]
[BlackElo "1200"]
[PlyCount "73"]
[Result "1-0"]

1.d4 Nf6 2.c4 d5 3.cxd5 Nxd5 4.e4 Nf6 5.Nc3 b6 
6.Nf3 Bb7 7.Bd3 e6 8.O-O h6 9.e5 Nd5 10.Nxd5 Bxd5 
11.Qe2 Be7 12.Be4 O-O 13.Qc2 Bg5 14.Nxg5 g6 15.Nf3 
Kg7 16.Be3 Na6 17.a3 Rb8 18.Bd3 Bxf3 19.gxf3 Qc8 
20.Qe2 Qd7 21.Bxa6 c5 22.Bb5 Qe7 23.dxc5 bxc5 
24.Rac1 Rfc8 25.Kh1 a6 26.Bxa6 Rc7 27.Bd3 Rbb7 
28.Rfg1 Kh7 29.Qc2 f5 30.exf6 Qxf6 31.Rxg6 Qxf3+ 
32.Rg2+ Kh8 33.Be4 Qf7 34.Bxb7 Rxb7 35.Rcg1 Rb8 
36.Qc3+ Kh7 37.R2g7+ 1-0

[Event "HCL-B218"]
[Site "www.playchess.de"]
[Date "2001.04.04"]
[Round "10"]
[White "CHARON"]
[Black "gandalf"]
[WhiteElo "1527"]
[BlackElo "1200"]
[PlyCount "81"]
[Result "1-0"]

1.e4 e5 2.Nf3 Nc6 3.Bb5 Nge7 4.Nc3 a6 5.Ba4 g6 
6.d4 exd4 7.Nd5 Nxd5 8.exd5 Qe7+ 9.Kf1 Ne5 10.Bf4 
Bg7 11.Qxd4 O-O 12.Bxe5 Bxe5 13.Qxe5 Qb4 14.Bb3 d6 
15.Qd4 Qb5+ 16.Qc4 Bd7 17.Qxb5 Bxb5+ 18.c4 Bd7 
19.h4 Rfe8 20.h5 Bf5 21.Nd4 Bd3+ 22.Kg1 Re2 
23.Nxe2 Bxe2 24.hxg6 hxg6 25.Re1 Bd3 26.Rh3 Bf5 
27.Rhe3 Bd7 28.R3e7 Rd8 29.Bc2 Kf8 30.b4 c6 31.a4 
b5 32.axb5 cxb5 33.Bd3 bxc4 34.Bxc4 Kg7 35.Bxa6 
Rb8 36.Rxd7 Rxb4 37.Rxd6 Ra4 38.Bb7 Ra7 39.Rb6 Ra5 
40.d6 Ra6 41.Rxa6 1-0

[Event "ACL-A118"]
[Site "www.playchess.de"]
[Date "2001.04.04"]
[Round "2"]
[White "julianlore"]
[Black "fighter"]
[WhiteElo "1500"]
[BlackElo "1527"]
[PlyCount "61"]
[Result "1-0"]

1.d4 {Hi.Good Luck pall.}  e5 {same to u!}  2.dxe5 
Nc6 3.Nf3 Qe7 4.Nc3 Nxe5 5.Nd5 Qd6 6.Bf4 c6 7.Bxe5 
Qxd5 8.Qxd5 cxd5 9.e3 d6 10.Bc3 Bg4 11.Bb5+ Bd7 
12.Bxd7+ Kxd7 13.O-O-O Ne7 14.Ng5 f5 15.Nh3 Rg8 
16.Nf4 Kc6 17.h4 g6 18.Bf6 Re8 19.Bxe7 Rxe7 
20.Nxd5 Re5 21.Nb4+ Kc7 22.h5 g5 23.Rd3 Bg7 
24.Rhd1 Rd8 25.Nd5+ Kc6 26.Rc3+ Kb5 27.Rc7 Bf8 
28.Rxb7+ Kc6 29.Rc7+ Kb5 30.c4+ Ka5 
31.Rxa7+ 1-0

[Event "HCL-C223"]
[Site "www.playchess.de"]
[Date "2001.04.04"]
[Round "8"]
[White "waspranger"]
[Black "dcarnes"]
[WhiteElo "1000"]
[BlackElo "1070"]
[PlyCount "112"]
[Result "0-1"]

1.d4 d5 2.Qd3 Nc6 3.Nc3 g6 4.Nxd5 Qxd5 5.e4 Qxd4 
6.Qxd4 Nxd4 7.Bd3 Be6 8.Be3 Bg7 9.Ne2 Nxe2 10.Bxe2 
O-O-O 11.c3 a6 12.O-O Nf6 13.f3 Nd7 14.Kh1 Ne5 
15.Bd4 Rhg8 16.Rfe1 Nc4 17.Bxg7 Rxg7 18.Bxc4 Bxc4 
19.b3 Bb5 20.c4 Bc6 21.Rad1 Rxd1 22.Rxd1 Rg8 
23.Kg1 e5 24.Re1 Rd8 25.h3 Rd2 26.a4 Rb2 27.Re3 
Bd7 28.Kh2 h5 29.Rd3 c6 30.h4 b5 31.cxb5 cxb5 
32.Rc3+ Kb7 33.Rc5 bxa4 34.bxa4 Bxa4 35.Rxe5 Bb3 
36.Re7+ Kb6 37.Re8 a5 38.Kg3 a4 39.Ra8 Kb5 40.Rb8+ 
Kc4 41.Rb7 Kd3 42.Ra7 Rc2 43.Ra8 Kc3 44.Ra7 Kb2 
45.Kf4 Rxg2 46.Ke3 a3 47.f4 a2 48.f5 a1Q {%}  
49.Rxa1 Kxa1 50.fxg6 Rxg6 51.Kd3 Kb2 52.Ke2 Rg3 
53.Kf2 Rc3 54.Kg2 Kc2 55.Kf2 Rh3 56.e5 
Rxh4 0-1

[Event "HCL-C225"]
[Site "www.playchess.de"]
[Date "2001.04.04"]
[Round "6"]
[White "ictus"]
[Black "livingmike"]
[WhiteElo "1176"]
[BlackElo "513"]
[PlyCount "42"]
[Result "0-1"]

1.e4 e5 {hello}  2.Nf3 {hi}  Nc6 3.Bb5 Nf6 {how 
are you}  4.O-O Nxe4 5.d4 d5 6.dxe5 a6 7.Bxc6+ 
bxc6 8.Re1 g5 9.Rxe4 dxe4 10.Qxd8+ Kxd8 11.Nxg5 
Be6 12.Nc3 Kc8 13.Nxe6 fxe6 14.Nxe4 Kb7 15.Nc5+ 
Bxc5 16.Bf4 Rad8 17.g3 Rd7 18.a3 h5 19.b4 Bd4 
20.Rd1 h4 21.Be3 hxg3 0-1